[Event "NB1 Maroczy csoport"]
[Site "Nyiregyhaza"]
[Date "2024.12.15"]
[Round "4.1"]
[White "Berebora, Ferenc"]
[Black "Kiss, Mate Jozsef"]
[Result "1/2-1/2"]
[WhiteElo "2378"]
[BlackElo "2185"]
[PlyCount "76"]
[GameId "2124083679560430"]
[EventDate "2024.11.03"]
[EventType "team-tourn"]
[EventRounds "11"]
[EventCountry "HUN"]
[Source "chess.hu"]
[WhiteTeam "Kumania-Kisujszallas"]
[BlackTeam "NYESE"]
[WhiteTeamCountry "HUN"]
[BlackTeamCountry "HUN"]

1. Nf3 Nf6 2. c4 e6 3. g3 d5 4. Bg2 d4 5. O-O c5 6. e3 Nc6 7. exd4 cxd4 8. d3 h6 9. Na3 Bxa3 10. bxa3 O-O 11. Re1 Re8 12. Bf4 Ng4 13. Rb1 e5 14. Bc1 Rb8 15. Rb5 a6 16. Rd5 Qc7 17. Nxd4 Bd7 18. Nb3 Nf6 19. Bb2 Nxd5 20. cxd5 Na5 21. d6 Qb6 22. Bxe5 Nxb3 23. axb3 Qa5 24. Qa1 Qb5 25. b4 f6 26. Bf4 Rxe1+ 27. Qxe1 Qxd3 28. Bf1 Qf5 29. h4 Re8 30. Qc3 Qb1 31. Kg2 Bc6+ 32. f3 Qe1 33. Qd3 Kh8 34. Qb3 Bd7 35. Qd5 Bc6 36. Qb3 Bd7 37. Qd5 Bc6 38. Qb3 Bd7 1/2-1/2

[Event "NB1 Maroczy csoport"]
[Site "Nyiregyhaza"]
[Date "2024.12.15"]
[Round "4.2"]
[White "Dovzik, Juri"]
[Black "Balla, Tamas-Kristof"]
[Result "0-1"]
[WhiteElo "2198"]
[BlackElo "2312"]
[PlyCount "96"]
[GameId "2124083762311934"]
[EventDate "2024.11.03"]
[EventType "team-tourn"]
[EventRounds "11"]
[EventCountry "HUN"]
[Source "chess.hu"]
[WhiteTeam "NYESE"]
[BlackTeam "Kumania-Kisujszallas"]
[WhiteTeamCountry "HUN"]
[BlackTeamCountry "HUN"]

1. c4 c5 2. Nf3 Nc6 3. Nc3 g6 4. e3 Nf6 5. d4 cxd4 6. exd4 d5 7. c5 Bg4 8. Be2 Bg7 9. O-O O-O 10. h3 Bxf3 11. Bxf3 Ne4 12. Nxe4 dxe4 13. Bxe4 Qxd4 14. Qxd4 Bxd4 15. Be3 Rfd8 16. Rab1 f5 17. Bxc6 bxc6 18. Rfe1 Kf7 19. b4 Rab8 20. Rb3 e5 21. Bxd4 exd4 22. Kf1 Rd7 23. Rd1 Ke6 24. Ke2 Re8 25. Kd3 Kd5 26. Rc1 Rde7 27. Rd1 Ke6 28. b5 Kd5 29. Rc1 Re2 30. Rb4 R8e4 31. Rxd4+ Rxd4+ 32. Kxe2 cxb5 33. c6 Re4+ 34. Kf3 Re8 35. c7 Rc8 36. Kf4 Kd6 37. g4 fxg4 38. hxg4 Rxc7 39. Rd1+ Ke6 40. Kg5 Rc2 41. f4 Rxa2 42. f5+ gxf5 43. gxf5+ Ke5 44. Re1+ Kd4 45. Rf1 Rg2+ 46. Kh6 Ke5 47. Kxh7 Kf6 48. Ra1 Rg7+ 0-1

[Event "NB1 Maroczy csoport"]
[Site "Nyiregyhaza"]
[Date "2024.12.15"]
[Round "4.3"]
[White "Egyed, Gabor"]
[Black "Lazin, Robert-Tamas"]
[Result "0-1"]
[WhiteElo "2144"]
[BlackElo "2086"]
[PlyCount "120"]
[GameId "2124083920380718"]
[EventDate "2024.11.03"]
[EventType "team-tourn"]
[EventRounds "11"]
[EventCountry "HUN"]
[Source "chess.hu"]
[WhiteTeam "Kumania-Kisujszallas"]
[BlackTeam "NYESE"]
[WhiteTeamCountry "HUN"]
[BlackTeamCountry "HUN"]

1. d4 d5 2. Nc3 Bf5 3. f3 Nf6 4. g4 Bg6 5. g5 Nh5 6. e4 dxe4 7. f4 e5 8. fxe5 Nc6 9. Be3 Bb4 10. Be2 Ne7 11. Bxh5 Nd5 12. Bxg6 Nxe3 13. Qd2 Qxg5 14. Nh3 Ng2+ 15. Kd1 Qxg6 16. Rg1 Qh5+ 17. Qe2 Ne3+ 18. Kd2 Qxe2+ 19. Kxe2 Nxc2 20. Rad1 O-O-O 21. d5 Bxc3 22. bxc3 g6 23. Ng5 Rd7 24. Rgf1 f5 25. exf6 Rf8 26. Rf4 Na3 27. Nxe4 Nb5 28. c4 Nd6 29. Nc5 Rdf7 30. Rdf1 Nf5 31. Ne4 Re8 32. Kd3 Re5 33. h4 Kd7 34. Rb1 b6 35. Rh1 Rxe4 36. Rxe4 Ng3 37. Rh2 Nxe4 38. Kxe4 Rxf6 39. h5 gxh5 40. Rxh5 h6 41. Ke5 Rg6 42. Rh4 a5 43. a4 Ke7 44. Kf5 Kf7 45. Rh2 Rg5+ 46. Kf4 Kg6 47. Rd2 Rf5+ 48. Ke4 Kf6 49. d6 Re5+ 50. Kf3 cxd6 51. Rb2 Rc5 52. Rxb6 Ke6 53. Ra6 h5 54. Kg3 h4+ 55. Kh3 Kd7 56. Ra7+ Kc6 57. Ra6+ Kb7 58. Rxd6 Rxc4 59. Kg2 Rxa4 60. Rh6 Rf4 0-1

[Event "NB1 Maroczy csoport"]
[Site "Nyiregyhaza"]
[Date "2024.12.15"]
[Round "4.4"]
[White "Gocza, Adam"]
[Black "Pletl, Akos"]
[Result "1/2-1/2"]
[WhiteElo "2042"]
[BlackElo "2200"]
[PlyCount "103"]
[GameId "2124083961328456"]
[EventDate "2024.11.03"]
[EventType "team-tourn"]
[EventRounds "11"]
[EventCountry "HUN"]
[Source "chess.hu"]
[WhiteTeam "NYESE"]
[BlackTeam "Kumania-Kisujszallas"]
[WhiteTeamCountry "HUN"]
[BlackTeamCountry "HUN"]

1. e4 e5 2. Nf3 Nc6 3. Bb5 a6 4. Bxc6 dxc6 5. O-O f6 6. d4 exd4 7. Nxd4 c5 8. Nb3 Qxd1 9. Rxd1 Bd6 10. a4 Be6 11. Be3 b6 12. a5 O-O-O 13. Nc3 Kb7 14. axb6 cxb6 15. Bf4 Be7 16. Nd5 Rd7 17. f3 c4 18. Nxe7 Nxe7 19. Nd4 Bf7 20. Rd2 Rhd8 21. Rad1 g6 22. Kf2 c3 23. bxc3 Bc4 24. Be3 Rc8 25. Nb3 Rxd2+ 26. Bxd2 Nc6 27. f4 a5 28. Ra1 Ra8 29. Bc1 Re8 30. Nd2 Bg8 31. Ba3 Na7 32. Rb1 Rc8 33. Bb2 f5 34. e5 Nb5 35. Nf3 a4 36. Ra1 Nxc3 37. Bxc3 Rxc3 38. Rxa4 Rxc2+ 39. Ke3 b5 40. Rd4 Bc4 41. Nd2 Rc3+ 42. Kf2 Be6 43. Ke2 Kb6 44. g3 Rc6 45. Kd3 Kc5 46. Kc3 Bd5 47. Rb4 Kb6+ 48. Kb2 Rc7 49. Rd4 Kc5 50. Rd3 Bc4 51. Nxc4 bxc4 52. Rd8 1/2-1/2

[Event "NB1 Maroczy csoport"]
[Site "Nyiregyhaza"]
[Date "2024.12.15"]
[Round "4.5"]
[White "Balogh, David"]
[Black "Korpas, Zoltan"]
[Result "1/2-1/2"]
[WhiteElo "2214"]
[BlackElo "2126"]
[PlyCount "120"]
[GameId "2124084004094808"]
[EventDate "2024.11.03"]
[EventType "team-tourn"]
[EventRounds "11"]
[EventCountry "HUN"]
[Source "chess.hu"]
[WhiteTeam "Kumania-Kisujszallas"]
[BlackTeam "NYESE"]
[WhiteTeamCountry "HUN"]
[BlackTeamCountry "HUN"]

1. d4 d5 2. Nc3 Nf6 3. Bf4 c6 4. e3 Bf5 5. f3 Bg6 6. g4 h5 7. g5 Nfd7 8. h4 e6 9. Bd3 Bxd3 10. Qxd3 g6 11. Bxb8 Qxb8 12. f4 Bg7 13. Nf3 O-O 14. Ne2 c5 15. c3 Qc7 16. O-O Rfc8 17. Kg2 Nb6 18. Nd2 Qc6 19. Kf2 Na4 20. Rab1 b5 21. Rfc1 a6 22. b4 c4 23. Qc2 a5 24. a3 Bf8 25. Nf3 axb4 26. axb4 Rc7 27. Ne5 Qe8 28. Ra1 Rca7 29. Kf3 Bg7 30. Ra2 Nb6 31. Rca1 Rxa2 32. Rxa2 Rxa2 33. Qxa2 Na4 34. Qc2 Bf8 35. Kf2 Kg7 36. Ke1 Bd6 37. Kd2 Be7 38. Qa2 f6 39. Nf3 f5 40. Ng3 Qd7 41. Qa1 Bd6 42. Kc2 Qc7 43. Ne2 Qe7 44. Qa3 Qc7 45. Nd2 Qb7 46. Nf1 Bc7 47. Nfg3 Bd8 48. Nh1 Qa8 49. Nf2 Kf7 50. Nd1 Nb6 51. Qxa8 Nxa8 52. Nf2 Nc7 53. Ng3 Be7 54. Nh3 Bd6 55. Kb2 Be7 56. Ng1 Bd6 57. Nf3 Na6 58. Ka3 Nb8 59. Ne2 Nc6 60. Ne5+ Bxe5 1/2-1/2

[Event "NB1 Maroczy csoport"]
[Site "Nyiregyhaza"]
[Date "2024.12.15"]
[Round "4.6"]
[White "Mizik, Tamas dr."]
[Black "Simonyi, Zoltan"]
[Result "1/2-1/2"]
[WhiteElo "1984"]
[BlackElo "2117"]
[PlyCount "107"]
[GameId "2124084062409576"]
[EventDate "2024.11.03"]
[EventType "team-tourn"]
[EventRounds "11"]
[EventCountry "HUN"]
[Source "chess.hu"]
[WhiteTeam "NYESE"]
[BlackTeam "Kumania-Kisujszallas"]
[WhiteTeamCountry "HUN"]
[BlackTeamCountry "HUN"]

1. e4 e6 2. d4 d5 3. Nd2 c5 4. Ngf3 Nc6 5. Bb5 dxe4 6. Nxe4 Qb6 7. a4 cxd4 8. Qxd4 Qxd4 9. Nxd4 Bd7 10. Nxc6 bxc6 11. Bc4 Nf6 12. Nxf6+ gxf6 13. Ke2 Bc5 14. Be3 Bxe3 15. Kxe3 Rg8 16. g3 Ke7 17. Rhd1 Rg4 18. Rd4 Rxd4 19. Kxd4 Kd6 20. Rd1 Rg8 21. Kc3+ Kc7 22. Rd4 Rg7 23. Bd3 f5 24. Rh4 c5 25. h3 Bc6 26. b3 Bd5 27. Kd2 Kd6 28. Ke3 Ke7 29. b4 cxb4 30. Rxb4 Kd6 31. Rh4 Kc5 32. c3 f6 33. g4 fxg4 34. hxg4 Bc6 35. Bxh7 Bxa4 36. g5 fxg5 37. Rxa4 Rxh7 38. Ra5+ Kc4 39. Rxg5 Kxc3 40. Ke4 Rf7 41. f4 Kb4 42. Rg6 a5 43. Rxe6 a4 44. f5 a3 45. Rb6+ Kc3 46. Ra6 Kb2 47. Ke5 a2 48. Ke6 Rc7 49. Rxa2+ Kxa2 50. f6 Kb3 51. f7 Rc8 52. Ke7 Kc4 53. f8=Q Rxf8 54. Kxf8 1/2-1/2

[Event "NB1 Maroczy csoport"]
[Site "Nyiregyhaza"]
[Date "2024.12.15"]
[Round "4.7"]
[White "Vranic, Ljubomir"]
[Black "Mizik, Zsolt"]
[Result "1-0"]
[WhiteElo "2081"]
[BlackElo "1993"]
[PlyCount "125"]
[GameId "2124084100879224"]
[EventDate "2024.11.03"]
[EventType "team-tourn"]
[EventRounds "11"]
[EventCountry "HUN"]
[Source "chess.hu"]
[WhiteTeam "Kumania-Kisujszallas"]
[BlackTeam "NYESE"]
[WhiteTeamCountry "HUN"]
[BlackTeamCountry "HUN"]

1. d4 Nf6 2. Nc3 d5 3. Bf4 c6 4. e3 Bf5 5. f3 e6 6. g4 Bg6 7. h4 h5 8. g5 Nfd7 9. Bd3 Bxd3 10. Qxd3 Na6 11. g6 f6 12. e4 Qb6 13. O-O-O O-O-O 14. exd5 Nb4 15. Qf1 cxd5 16. Qh3 Re8 17. Nge2 Bd6 18. a3 Na6 19. Rd3 Bxf4+ 20. Nxf4 Qd6 21. Qg3 Nc7 22. Nxh5 Qf8 23. Nf4 Nb6 24. h5 Rh6 25. Qg4 Kb8 26. Re1 Qd6 27. Rdd1 Nc4 28. Nd3 b6 29. Kb1 Qc6 30. Ka2 a5 31. Nf4 b5 32. Nb1 b4 33. Nd3 bxa3 34. b3 Nb2 35. Nxb2 axb2 36. Kxb2 Nb5 37. Re3 Rc8 38. c3 Nc7 39. Rde1 a4 40. bxa4 Ka7 41. Kc1 Qxa4 42. R3e2 f5 43. Qg2 Qc6 44. Ra2+ Na6 45. Qg5 Rc7 46. Ree2 Rh8 47. Rh2 Qc4 48. Qd2 Rb8 49. Qe2 Qc6 50. Qd3 Qd6 51. Qe3 Rcb7 52. Rhb2 Rxb2 53. Rxb2 Rxb2 54. Kxb2 Qh2+ 55. Nd2 Qxh5 56. Qxe6 Qh6 57. Kc2 f4 58. Qd7+ Kb8 59. Qd6+ Ka7 60. c4 dxc4 61. Nxc4 Qh2+ 62. Kb3 Nb8 63. Qc7+ 1-0

[Event "NB1 Maroczy csoport"]
[Site "Nyiregyhaza"]
[Date "2024.12.15"]
[Round "4.8"]
[White "Zelei, Imre"]
[Black "Atkins, Rita"]
[Result "1-0"]
[WhiteElo "1969"]
[BlackElo "2015"]
[PlyCount "103"]
[GameId "2124084146205576"]
[EventDate "2024.11.03"]
[EventType "team-tourn"]
[EventRounds "11"]
[EventCountry "HUN"]
[Source "chess.hu"]
[WhiteTeam "NYESE"]
[BlackTeam "Kumania-Kisujszallas"]
[WhiteTeamCountry "HUN"]
[BlackTeamCountry "HUN"]

1. e4 c5 2. Nf3 d6 3. c3 Nf6 4. Be2 Nc6 5. d4 cxd4 6. cxd4 d5 7. e5 Ne4 8. O-O Qb6 9. Nc3 Nxc3 10. bxc3 Bf5 11. c4 e6 12. c5 Qc7 13. Nh4 Be4 14. f3 Bg6 15. Be3 Be7 16. Nxg6 hxg6 17. Rb1 Bxc5 18. dxc5 Qxe5 19. Kf2 d4 20. Bd2 O-O-O 21. Qb3 Rd7 22. Bb5 d3 23. Bxc6 bxc6 24. Rfe1 Qxc5+ 25. Be3 Qc2+ 26. Qxc2 dxc2 27. Rbc1 Rxh2 28. Rxc2 Rh5 29. Rxc6+ Kb7 30. Rec1 Rb5 31. R1c2 e5 32. R6c5 Rxc5 33. Rxc5 f6 34. Ra5 a6 35. Ke2 g5 36. Ra4 Rd6 37. Rb4+ Kc7 38. a4 g6 39. a5 Kd7 40. Rb7+ Kc6 41. Rb6+ Kd7 42. Rxd6+ Kxd6 43. Kd3 Kd5 44. g4 Kd6 45. Kc4 Kc6 46. Bc1 Kd6 47. Ba3+ Ke6 48. Kc5 f5 49. Kb6 e4 50. fxe4 fxe4 51. Kxa6 Kd5 52. Kb5 1-0

[Event "NB1 Maroczy csoport"]
[Site "Nyiregyhaza"]
[Date "2024.12.15"]
[Round "4.9"]
[White "Cozma-Callini, Adrian"]
[Black "Bekesi, Janos"]
[Result "1/2-1/2"]
[WhiteElo "2036"]
[BlackElo "1955"]
[PlyCount "50"]
[GameId "2124866654555533"]
[EventDate "2024.11.03"]
[EventType "team-tourn"]
[EventRounds "11"]
[EventCountry "HUN"]
[WhiteTeam "Kumania-Kisujszallas"]
[BlackTeam "NYESE"]
[WhiteTeamCountry "HUN"]
[BlackTeamCountry "HUN"]

1. c4 Nf6 2. Nc3 d6 3. d4 g6 4. e4 Bg7 5. Be2 O-O 6. h3 c6 7. Nf3 e5 8. dxe5 dxe5 9. O-O Qe7 10. Qc2 Na6 11. a3 Nh5 12. Re1 Nc7 13. Be3 Ne6 14. Rad1 Nef4 15. Bf1 g5 16. Nh2 h6 17. Be2 Nxe2+ 18. Rxe2 Be6 19. Na4 b6 20. b4 Rfd8 21. Red2 Rxd2 22. Rxd2 Rd8 23. Nb2 Nf4 24. Kf1 Rxd2 25. Qxd2 Qd7 1/2-1/2

[Event "NB1 Maroczy csoport"]
[Site "Nyiregyhaza"]
[Date "2024.12.15"]
[Round "4.10"]
[White "Tumo, Bence"]
[Black "Illes, David Mark"]
[Result "1/2-1/2"]
[WhiteElo "1901"]
[BlackElo "1909"]
[PlyCount "34"]
[GameId "2124084655248324"]
[EventDate "2024.11.03"]
[EventType "team-tourn"]
[EventRounds "11"]
[EventCountry "HUN"]
[Source "chess.hu"]
[WhiteTeam "NYESE"]
[BlackTeam "Kumania-Kisujszallas"]
[WhiteTeamCountry "HUN"]
[BlackTeamCountry "HUN"]

1. d4 c6 2. Nf3 d5 3. g3 Bf5 4. Bg2 e6 5. O-O Nf6 6. c4 h6 7. Nc3 Bd6 8. Nd2 O-O 9. e4 dxe4 10. Ndxe4 Bc7 11. Nxf6+ Qxf6 12. Qb3 b6 13. d5 Nd7 14. Be3 Ne5 15. Bf4 Rac8 16. Bxe5 Bxe5 17. dxc6 Bxc3 1/2-1/2

[Event "NB1 Maroczy csoport"]
[Site "Nyiregyhaza"]
[Date "2024.12.15"]
[Round "4.11"]
[White "Kecze, Matyas"]
[Black "Laskai, Gabor"]
[Result "0-1"]
[WhiteElo "1888"]
[BlackElo "1932"]
[PlyCount "50"]
[GameId "2124084705465300"]
[EventDate "2024.11.03"]
[EventType "team-tourn"]
[EventRounds "11"]
[EventCountry "HUN"]
[Source "chess.hu"]
[WhiteTeam "Kumania-Kisujszallas"]
[BlackTeam "NYESE"]
[WhiteTeamCountry "HUN"]
[BlackTeamCountry "HUN"]

1. e4 c5 2. d3 Nc6 3. f4 g6 4. Nf3 Bg7 5. g3 e5 6. c3 d6 7. Bg2 Nge7 8. Be3 b6 9. Na3 Bb7 10. O-O O-O 11. d4 exd4 12. cxd4 Nb4 13. e5 cxd4 14. Bxd4 dxe5 15. Bxe5 Bxe5 16. Nxe5 Bxg2 17. Kxg2 Nf5 18. Qxd8 Rfxd8 19. Rf2 Nd3 20. Nxd3 Rxd3 21. Nc4 Rad8 22. Re1 f6 23. b3 h5 24. Ne3 Nxe3+ 25. Kg1 Rd1 0-1

[Event "NB1 Maroczy csoport"]
[Site "Nyiregyhaza"]
[Date "2024.12.15"]
[Round "4.12"]
[White "Simon, Virag Boglarka"]
[Black "Giricz, Gergo"]
[Result "0-1"]
[WhiteElo "1650"]
[BlackElo "1799"]
[PlyCount "74"]
[GameId "2124084768777198"]
[EventDate "2024.11.03"]
[EventType "team-tourn"]
[EventRounds "11"]
[EventCountry "HUN"]
[Source "chess.hu"]
[WhiteTeam "NYESE"]
[BlackTeam "Kumania-Kisujszallas"]
[WhiteTeamCountry "HUN"]
[BlackTeamCountry "HUN"]

1. e4 e5 2. Nf3 Nc6 3. Bc4 Bc5 4. c3 Nf6 5. d3 O-O 6. Nbd2 d6 7. Bb3 Be6 8. Bc2 a5 9. Nf1 Ne7 10. d4 exd4 11. cxd4 Bb4+ 12. N1d2 d5 13. e5 Ne4 14. a3 Bxd2+ 15. Nxd2 Nxd2 16. Qxd2 Nf5 17. Qf4 Qd7 18. O-O f6 19. Re1 fxe5 20. Rxe5 h6 21. Bd2 Nd6 22. Qe3 Nc4 23. Qe2 Nxe5 24. Qxe5 Bf5 25. Bb3 c6 26. Qg3 Kh8 27. Bd1 Qf7 28. b4 axb4 29. Bxb4 Rfe8 30. Bf3 Qe6 31. Qc7 Rxa3 32. Rc1 Rb3 33. Qa5 Qg6 34. Bd1 Rd3 35. Qc5 Bh3 36. g3 Qe4 37. f3 Qe3+ 0-1

[Event "NB1 Maroczy csoport"]
[Site "Budapest"]
[Date "2024.12.15"]
[Round "4.1"]
[White "Hajnal, Zoltan"]
[Black "Feher, Adam"]
[Result "1/2-1/2"]
[WhiteElo "2330"]
[BlackElo "2414"]
[PlyCount "52"]
[GameId "2123414805210119"]
[EventDate "2024.11.03"]
[EventType "team-tourn"]
[EventRounds "11"]
[EventCountry "HUN"]
[Source "chess.hu"]
[WhiteTeam "DVTK I."]
[BlackTeam "HUSI SC"]
[WhiteTeamCountry "HUN"]
[BlackTeamCountry "HUN"]

1. e4 c6 2. d4 d5 3. Nc3 dxe4 4. Nxe4 Bf5 5. Ng3 Bg6 6. Bc4 e6 7. N1e2 Nf6 8. O-O Nbd7 9. f4 Nb6 10. Bd3 Bxd3 11. Qxd3 g6 12. b3 Nbd5 13. c4 Ne7 14. Bb2 Bg7 15. Rad1 O-O 16. Kh1 Qc7 17. Ng1 Rad8 18. Nf3 c5 19. Qe2 cxd4 20. Nxd4 a6 21. Nc2 Nc6 22. Nd4 h5 23. Nxc6 Qxc6 24. Bxf6 Bxf6 25. Ne4 Bg7 26. g3 a5 1/2-1/2

[Event "NB1 Maroczy csoport"]
[Site "Budapest"]
[Date "2024.12.15"]
[Round "4.2"]
[White "Borocz, Istvan"]
[Black "Turcsanyi, Vince Gergo"]
[Result "0-1"]
[WhiteElo "2306"]
[BlackElo "2244"]
[PlyCount "180"]
[GameId "2123414840894487"]
[EventDate "2024.11.03"]
[EventType "team-tourn"]
[EventRounds "11"]
[EventCountry "HUN"]
[Source "chess.hu"]
[WhiteTeam "HUSI SC"]
[BlackTeam "DVTK I."]
[WhiteTeamCountry "HUN"]
[BlackTeamCountry "HUN"]

1. e4 c6 2. d4 d5 3. Nc3 dxe4 4. Nxe4 Nf6 5. Nxf6+ exf6 6. Nf3 Bd6 7. Be2 O-O 8. O-O Bg4 9. c4 Re8 10. Be3 Nd7 11. h3 Bh5 12. c5 Bf8 13. b4 a5 14. b5 f5 15. bxc6 bxc6 16. Qc2 g6 17. Rad1 Qc7 18. d5 cxd5 19. Rxd5 Nf6 20. Rd3 Rac8 21. Rc1 f4 22. Bd4 Ne4 23. Qd1 Re6 24. Rc2 Bxc5 25. Bxc5 Nxc5 26. Rdc3 Qe7 27. Kh2 Rd8 28. Qf1 Ne4 29. Rc7 Rd7 30. Rc8+ Kg7 31. Bb5 Rb7 32. Bc6 Ra7 33. Bxe4 Rxe4 34. Qa1+ Kh6 35. Rg8 f6 36. Qc1 Bxf3 37. gxf3 Rd4 38. Qg1 Qe6 39. Rgc8 Rad7 40. Qg4 Qxg4 41. hxg4 Rd1 42. Kg2 Ra1 43. Rc1 Rxa2 44. Rg8 Kg5 45. Rc5+ Kh6 46. Rc1 Kg5 47. Rc5+ Kh4 48. Rc1 f5 49. gxf5 Rdd2 50. Rf1 Kg5 51. fxg6 hxg6 52. Rf8 a4 53. Kh3 Rxf2 54. Rg1+ Kh6 55. Rxf4 a3 56. Kg3 Rab2 57. Re4 a2 58. Rh1+ Kg5 59. Ra4 Kf6 60. Ra6+ Ke5 61. Ra5+ Kd6 62. Rh8 Rg2+ 63. Kf4 g5+ 64. Ke4 Rb4+ 65. Kd3 Rb3+ 66. Kc4 Rxf3 67. Rh6+ Kc7 68. Ra7+ Kb8 69. Rha6 Rff2 70. Kd4 g4 71. Ra8+ Kc7 72. R8a7+ Kc8 73. Ra8+ Kd7 74. R8a7+ Ke8 75. Ra8+ Kf7 76. R8a7+ Kg8 77. Ra8+ Kg7 78. R8a7+ Rf7 79. Rxa2 Rxa2 80. Rxa2 Kg6 81. Ra5 Re7 82. Rb5 Kh6 83. Ra5 Kg6 84. Rb5 Kh6 85. Ra5 g3 86. Ra3 Rg7 87. Ra1 g2 88. Rg1 Kh5 89. Ke5 Kh4 90. Kf6 Rg3 0-1

[Event "NB1 Maroczy csoport"]
[Site "Budapest"]
[Date "2024.12.15"]
[Round "4.3"]
[White "Fule, Simon"]
[Black "Erdelyi, Zombor"]
[Result "1-0"]
[WhiteElo "2238"]
[BlackElo "2260"]
[PlyCount "73"]
[GameId "2123414877553713"]
[EventDate "2024.11.03"]
[EventType "team-tourn"]
[EventRounds "11"]
[EventCountry "HUN"]
[Source "chess.hu"]
[WhiteTeam "DVTK I."]
[BlackTeam "HUSI SC"]
[WhiteTeamCountry "HUN"]
[BlackTeamCountry "HUN"]

1. e4 c5 2. Nf3 d6 3. d4 cxd4 4. Nxd4 Nf6 5. Nc3 a6 6. f3 e5 7. Nb3 Be6 8. Be3 Be7 9. Qd2 O-O 10. O-O-O Nbd7 11. g4 b5 12. Rg1 Nb6 13. Na5 Rc8 14. g5 Nh5 15. Kb1 g6 16. a3 Qc7 17. Nd5 Nxd5 18. exd5 Bxd5 19. Qxd5 Qxa5 20. Bd3 Qc7 21. Be4 Rb8 22. Rd3 Qc4 23. Rc3 Qe2 24. h4 b4 25. Rb3 a5 26. a4 Ng3 27. Qxa5 Rfc8 28. Rxg3 Qe1+ 29. Ka2 Qxg3 30. Ba7 Ra8 31. Bxa8 Rxa8 32. Qxb4 Kf8 33. a5 d5 34. Bc5 Re8 35. a6 e4 36. Bxe7+ Rxe7 37. a7 1-0

[Event "NB1 Maroczy csoport"]
[Site "Budapest"]
[Date "2024.12.15"]
[Round "4.4"]
[White "Biro, David"]
[Black "Gathi, Donat"]
[Result "1-0"]
[WhiteElo "2252"]
[BlackElo "2097"]
[PlyCount "51"]
[GameId "2123414916162630"]
[EventDate "2024.11.03"]
[EventType "team-tourn"]
[EventRounds "11"]
[EventCountry "HUN"]
[Source "chess.hu"]
[WhiteTeam "HUSI SC"]
[BlackTeam "DVTK I."]
[WhiteTeamCountry "HUN"]
[BlackTeamCountry "HUN"]

1. d4 Nf6 2. Nc3 d5 3. Bf4 e6 4. Nb5 Na6 5. e3 c6 6. Nc3 Bb4 7. Bxa6 bxa6 8. Nf3 a5 9. O-O Ba6 10. Re1 O-O 11. Ne5 Rc8 12. Bg5 c5 13. Ng4 Kh8 14. a3 cxd4 15. axb4 dxc3 16. Rxa5 Rc6 17. bxc3 Rd6 18. Qd4 e5 19. Nxe5 Qc7 20. Bxf6 Rxf6 21. Rea1 Bc4 22. Rxa7 Qc8 23. Nd7 Rg6 24. Nxf8 Rg4 25. Ng6+ hxg6 26. Ra8 1-0

[Event "NB1 Maroczy csoport"]
[Site "Budapest"]
[Date "2024.12.15"]
[Round "4.5"]
[White "Kovacs, Kristof"]
[Black "Szabo, Balazs"]
[Result "1/2-1/2"]
[WhiteElo "2145"]
[BlackElo "2215"]
[PlyCount "109"]
[GameId "2123414953800790"]
[EventDate "2024.11.03"]
[EventType "team-tourn"]
[EventRounds "11"]
[EventCountry "HUN"]
[Source "chess.hu"]
[WhiteTeam "DVTK I."]
[BlackTeam "HUSI SC"]
[WhiteTeamCountry "HUN"]
[BlackTeamCountry "HUN"]

1. Nf3 d6 2. d4 g6 3. g3 Bg7 4. Bg2 c6 5. O-O f5 6. c4 Nf6 7. Nc3 O-O 8. Qc2 Na6 9. a3 Qe8 10. d5 cxd5 11. cxd5 Nc5 12. Ng5 h6 13. b4 Nce4 14. Ngxe4 Nxe4 15. Bb2 Nxc3 16. Bxc3 Bxc3 17. Qxc3 f4 18. Qd2 Bg4 19. h3 Bd7 20. gxf4 Qf7 21. Rac1 Rac8 22. Rxc8 Bxc8 23. Rc1 g5 24. e3 Qh5 25. Qd1 Qxd1+ 26. Rxd1 gxf4 27. exf4 Rxf4 28. Rc1 Rf8 29. Rc7 Kf7 30. Kf1 Rg8 31. Ke2 Rxg2 32. Rxc8 Rh2 33. Rc7 Rxh3 34. a4 Rh4 35. Rxb7 a5 36. bxa5 Rxa4 37. Rb5 h5 38. Kf3 Kf6 39. Kg3 h4+ 40. Kh3 Kg5 41. Kg2 Ra3 42. Kh2 Kf6 43. Kg2 Ke5 44. Rb7 Rxa5 45. Rxe7+ Kxd5 46. Kh3 Ra4 47. Rh7 Rf4 48. Kg2 Kd4 49. Kf1 d5 50. Ke2 Ke4 51. f3+ Kd4 52. Rh5 Kc5 53. Ke3 Ra4 54. Rh8 Ra3+ 55. Ke2 1/2-1/2

[Event "NB1 Maroczy csoport"]
[Site "Budapest"]
[Date "2024.12.15"]
[Round "4.6"]
[White "Feher, Botond"]
[Black "Fusthy, Zsolt"]
[Result "1-0"]
[WhiteElo "2163"]
[BlackElo "2230"]
[PlyCount "81"]
[GameId "2123414991938662"]
[EventDate "2024.11.03"]
[EventType "team-tourn"]
[EventRounds "11"]
[EventCountry "HUN"]
[Source "chess.hu"]
[WhiteTeam "HUSI SC"]
[BlackTeam "DVTK I."]
[WhiteTeamCountry "HUN"]
[BlackTeamCountry "HUN"]

1. e4 c6 2. c4 d5 3. cxd5 cxd5 4. exd5 Nf6 5. Nc3 Nxd5 6. Nf3 Nc6 7. d4 Bg4 8. Qb3 Bxf3 9. gxf3 e6 10. Qxb7 Nxd4 11. Bb5+ Nxb5 12. Qc6+ Ke7 13. Qxb5 Qd7 14. Nxd5+ Qxd5 15. Qxd5 exd5 16. Bg5+ f6 17. Be3 Ke6 18. a3 Bd6 19. O-O-O Be5 20. Rhe1 g5 21. Re2 h6 22. h4 Rhe8 23. h5 Rec8+ 24. Kb1 Rc4 25. Red2 Rd8 26. Bxa7 Rh4 27. Bb6 Rd7 28. Ka2 Rxh5 29. a4 Rh4 30. Kb3 Rf4 31. Rd3 Rb7 32. a5 h5 33. Rxd5 h4 34. Rb5 Rxf3+ 35. Ka4 Rf4+ 36. b4 Rh7 37. a6 Bb8 38. Be3 Rh8 39. Rxb8 Rxb8 40. Bxf4 gxf4 41. b5 1-0

[Event "NB1 Maroczy csoport"]
[Site "Budapest"]
[Date "2024.12.15"]
[Round "4.7"]
[White "Papp, Abel"]
[Black "Pogany, Zsombor"]
[Result "1/2-1/2"]
[WhiteElo "2184"]
[BlackElo "2189"]
[PlyCount "35"]
[GameId "2123415035126902"]
[EventDate "2024.11.03"]
[EventType "team-tourn"]
[EventRounds "11"]
[EventCountry "HUN"]
[Source "chess.hu"]
[WhiteTeam "DVTK I."]
[BlackTeam "HUSI SC"]
[WhiteTeamCountry "HUN"]
[BlackTeamCountry "HUN"]

1. e4 c6 2. d4 d5 3. exd5 cxd5 4. Bd3 Nc6 5. c3 Nf6 6. Bf4 Bg4 7. Qb3 Qd7 8. Nd2 e6 9. Ngf3 Bd6 10. Bxd6 Qxd6 11. O-O O-O 12. Rfe1 Qc7 13. a4 Bh5 14. Ne5 Nxe5 15. Rxe5 Rab8 16. h3 Bg6 17. Bxg6 hxg6 18. a5 1/2-1/2

[Event "NB1 Maroczy csoport"]
[Site "Budapest"]
[Date "2024.12.15"]
[Round "4.8"]
[White "Sulyok, Eszter"]
[Black "Dobai, Szabolcs"]
[Result "0-1"]
[WhiteElo "2044"]
[BlackElo "2115"]
[PlyCount "73"]
[GameId "2123415080060048"]
[EventDate "2024.11.03"]
[EventType "team-tourn"]
[EventRounds "11"]
[EventCountry "HUN"]
[Source "chess.hu"]
[WhiteTeam "HUSI SC"]
[BlackTeam "DVTK I."]
[WhiteTeamCountry "HUN"]
[BlackTeamCountry "HUN"]

1. d4 g6 2. c4 Bg7 3. Nc3 d6 4. e4 a6 5. Be3 c6 6. a4 a5 7. Qd2 Na6 8. h3 Qc7 9. Rc1 Nf6 10. g4 e5 11. dxe5 dxe5 12. Nb5 Qe7 13. Nd6+ Kf8 14. c5 Nb4 15. Nf3 Be6 16. Bg2 h5 17. g5 Ne8 18. O-O Kg8 19. Rfd1 Bb3 20. Re1 Kh7 21. Qc3 Be6 22. Rcd1 Rb8 23. b3 Nc7 24. Rd2 Rhd8 25. Rb1 Nca6 26. Nxe5 Bxh3 27. Bf4 Bxg2 28. Kxg2 Bxe5 29. Bxe5 Qxg5+ 30. Kf1 Rd7 31. f4 Qh4 32. Rg2 Rg8 33. Rbb2 f6 34. Bxf6 Qxf4+ 35. Rbf2 Qh6 36. e5 Nd5 37. Qc4 0-1